000 00288nam a22001337a 4500
008 170809b xxu||||| |||| 00| 0 eng d
020 _a9780071496568
041 _aeng
080 _22ND
_a004
100 _a35
101 _aSHK
245 _aGOODLE ADWORDS
_cGOODMAN,A
942 _2udc
_cBK
999 _c22979
_d22979